000 00477nam a2200205Ia 4500
008 210210b1953 xxu||||| |||| 00| 0 eng d
041 _aeng
082 _a311/28
100 _aHAYS (Samuel)
245 _aOutline of statistics Ed.4
250 _a
260 _aLondon
_bLongmans Green and Company
_c1953
300 _avii,289
650 _astatistics
650 _aOutline
650 _aof
650 _aEd.4
690 _aMathematical Statistics
906 _a001734
999 _c116645
_d116645